000 00731nam a2200253Ia 4500
003 OSt
005 20221005083404.0
006 a|||||r|||| 00| 0
007 ta
008 221004b |||||||| |||| 00| 0 eng d
024 _a54791
037 _cTextual
040 _aCRL
_cCRL
_beng
041 _2eng
_aeng
082 _aV2y7N17, M5
100 _aParthasarthi G Ed.
_9612577
245 0 _aIndira Gandhi
_b Statemen, Scholars, Scientists and Friends Remember.
260 _aNew Delhi
_bVikas
_c1985
300 _a463p.
_ccm.
650 _aHISTORY
700 _a Sharda Prasad H Y Ed.
_9612578
942 _hV2y7N17, M5
_cTEXL
_2cc
999 _c990851
_d990851